Les dates du monde - Statistiques

Statistiques générales
  • Ce quiz a été pris 31 fois
    6 depuis la dernière actualisation
  • Le résultat moyen est 58 sur 161
Statistiques - réponses
Event Date % Correct
Massacre de la Saint Barthelemy 1572
100%
Prise de la Bastille 1789
100%
Construction de la Tour Eiffel 1889
100%
Couronnement de Charlemagne 800
100%
Guerre de Cent ans 1337-1453
75%
Bataille de Mérignan 1515
75%
Edit de Nantes d'Henri IV 1598
75%
Sacre de Napoleon Ier 1804
75%
Bataille de Waterloo 1815
75%
Guerre Franco-Prusienne 1870
75%
Naufrage du Titanic 1912
75%
Attaque de Pearl Harbor 1941
75%
Guerre d'Algérie 1954-1962
75%
Assassinat de John F. Kennedy 1963
75%
Neil Armstrong marche sur la lune 1969
75%
Chute du mur de Berlin 1989
75%
Fondation de Google 1998
75%
Attentats des tours jumelles à New York 2001
75%
Barack Obama élu président des USA 2008
75%
Chute de l'empire Roman et fin de l'Antiquité 476
75%
Siège d'Alésia -52
75%
Batailles de Bouvines 1214
50%
Début de la Peste Noire 1346
50%
Mort de Jeanne d'Arc 1431
50%
Chute de l'empire Romain d'orient / Byzantin 1453
50%
Prise de Constantinople 1453
50%
Gutenberg imprime la Bible pour la 1ere fois 1455
50%
Prise de Grenade et fin de la Reconquista 1492
50%
Déclaration d'indépendance des USA 1776
50%
Déclaration des droits de l'homme et du citoyen 1789
50%
Révolution française 1789-1799
50%
Proclamation de la 1ere république 1792
50%
Les USA achètent la Louisiane à la France 1803
50%
Bataille d'Austerlitz 1805
50%
Bataille de Waterloo 1815
50%
Indépendance du Mexique 1821
50%
Proclamation de la 2eme république 1848
50%
Second empire en France 1852
50%
Guerre de Crimée 1853-1856
50%
Proclamation de la 3eme république 1870
50%
La semaine sanglante 1871
50%
Affaire Dreyfus 1898-1906
50%
Service militaire fixé à 3 ans 1913
50%
Ouverture du canal de Panama 1914
50%
Révolution Russe 1917
50%
Dissolution de l'empire Ottoman 1922
50%
Fondation de la Turquie 1923
50%
Première coupe du monde de Football 1930
50%
Hitler devient chancelier en Allemagne 1933
50%
Lois de Nuremberg 1935
50%
Appel à la résistance par le Général de Gaulle 1940
50%
Débarquement en Normandie 1944
50%
Proclamation de la 4eme république 1946
50%
Indépendance de l'Inde 1947
50%
Naissance de l'OTAN 1949
50%
Proclamation de la 5eme république 1958
50%
Accords d'évians 1962
50%
Crise de Cuba 1962
50%
Abolition de la peine de mort 1981
50%
Catastrophe de Tchernobyl 1986
50%
Invasion du Koweit par l'Irak 1990
50%
Fin de la guerre froide et chute de l'URSS 1991
50%
Fin de l'Apartheid en Afrique du Sud 1994
50%
L’euro devient la monnaie officielle Européenne 1999
50%
Mise en circulation de l'euro en Europe 2002
50%
Premier Iphone 2007
50%
Attentats sur Charlie Hebdo 2015
50%
Incendies de Notre-Dame de Paris 2019
50%
Brexit , sortie du Royaume Uni de l'UE 2020
50%
Apparition de l'écriture -3000
50%
Bapteme de Clovis 496
50%
L'Hégire , exil de Mohamemd à Médine 622
50%
Mort du prophète Mohammed 632
50%
Bataille de Poitiers contre les musulmans 732
50%
Début de la dynastie carolingienne 751
50%
Fondation de Rome -753
50%
Les premiers JO de l'histoire -776
50%
Partage de Verdun 843
50%
Début de la dynastie capétienne 987
50%
Bataille de Hastings 1066
25%
Première croisade 1096-1099
25%
Peste Noire 1346
25%
Le Francais devient la langue officielle en France 1539
25%
Fondation du Quebec 1608
25%
Guerre de 30 ans 1618-1648
25%
Traité des Pyrénées 1659
25%
Règne de Louis XVI 1661-1715
25%
Guerre de Hollande 1672-1678
25%
Encyclopédie de Diderot et d'Alembert 1751
25%
Guerre de 7 ans 1756-1763
25%
Traité de paris , la France perd la le Quebec et la Louisiane 1763
25%
Invention de la machine à vapeur 1769
25%
Bataille de Trafalgar 1805
25%
Bataille de Leipzig 1813
25%
Congrès de Vienne 1815
25%
Algérie conquise par la France 1830
25%
Suffrage universel masculin 1848
25%
Abolition de l'esclavage aux USA 1865
25%
Ecole gratuite , laïque et obligatoire par Jules Ferry 1882
25%
Invention du cinéma par les frères lumières 1895
25%
Séparation de l'Eglise et de l'état 1905
25%
Retraite à 65 ans 1910
25%
Bataille de Verdun 1916
25%
Traité de Versailles et création de la SDN 1919
25%
Accords de Matignon 1936
25%
Rafle du vel d'hiv 1942
25%
Droit de vote des femmes 1944
25%
Procès de Nuremberg 1945-1946
25%
Plan Marshall 1947
25%
Proclamation de l'état d'Israël 1948
25%
Guerre de Corée 1950-1953
25%
Guerre du Vietnam 1955-1975
25%
Indépendance du Maroc 1956
25%
Crise du canal de Suez 1956
25%
Traité de Rome 1957
25%
Création de l'OLP : Organisation de Libération de la Palestine 1964
25%
Guerre des six jours 1967
25%
Guerre du Kippour 1973
25%
Promulgation de la loi Veil 1975
25%
Guerre du Golfe 1990-1991
25%
Traité de Maastricht 1992
25%
Accords d'Oslo 1993
25%
Fin du service militaire 1996
25%
Printemps arabes 2011
25%
Mariage homosexuel autorisé en France 2013
25%
Bataille des champs Catalauniques 451
25%
Bataille de Soissons 486
25%
La Francie orientale devient l'Empire Germanique 962
25%
Royaume unifié d'Israel -1050--931
0%
Première guerre d'Italie 1494
0%
Bataille de Coutras 1587
0%
Création du premier journal français La Gazette par Richelieu 1631
0%
Guerre Franco Espagnole entre la France de Richelieu et l'Espagne des Habsbourg 1635-1659
0%
Affaire des possédés de Loudun 1642
0%
L'Alsace devient Française 1648
0%
Bataille des Dunes 1658
0%
Affaire Calas 1761
0%
Invention de la pile électrique 1800
0%
1ere Aliyah juive 1882-1903
0%
L'Espagne colonise le Sahara occidental 1884
0%
Fondation de l'Organisation sioniste mondiale 1897
0%
2eme Aliyah juive 1904-1914
0%
Déclaration de Balfour 1917
0%
3eme Aliyah juive 1919-1923
0%
4eme Aliyah juive 1924-1928
0%
Fondation du festival d'Avignon 1947
0%
Affaire Sirven 1960
0%
Accords de Grenelle 1968
0%
Fondation du studio d'animation Madhouse 1972
0%
Création du Front Polisario 1973
0%
Accords de Madrid 1975
0%
Première version de Windows 1.0 1985
0%
Fondation du studio d'animation Ghibli 1985
0%
Première Intifada 1987
0%
Seconde Intifada 2000-2005
0%
Edit de Milan 313
0%
Début de la dynastie mérovingienne 496
0%
Première révélation du prophète Mohammed 610
0%
Serment de strasbourg 842
0%
Royaume de Juda / d'Israel du sud -931--586
0%
Royaume de Samarie / d'Israel du Nord -931--722
0%
Aucun quiz correspondant
Distribution des résultats
% des personnes avec chaque résultat
Percentile par nombre de réponses
Votre historique - résultats
Vous n’avez pas pris ce quiz depuis la dernière actualisation